عرض عادي
عرض مارك
- علامات الساعة
مدخل مصطلح موضوعي
001 - رقم الضبط
- حقل الضبط: 6292
003 - معرف رقم الضبط
- حقل الضبط: OSt
005 - تاريخ ووقت أخر عملية
- حقل الضبط: 20111103142121.0
008 - عناصر بيانات ثابتة الطول
- حقل تحكم ثابت الطول: 111103|||a|||||| | ||| d
040 ## - مصدر الفهرسة
- هيئة الفهرسة الأصلية: OSt
- وكالة الكتابة: OSt
150 ## - مدخل-- مصطلح تاريخي
- عنصر مدخل المصطلح الموضوعي او الاسم الجغرافي: علامات الساعة
670 ## - بيانات المصدر موجوده
- الاستشهاد بالمصدر: Work cat.: (OSt): الأشقر، عمر سليمان عبد الله، 1940- 213, اليوم الآخر :, 1423=2004
